De un octubre a otro (Record no. 179912)

MARC details
000 -LEADER
campo de control de longitud fija 01275nam a2200325 i 4500
001 - NÚMERO DE CONTROL
campo de control 179912
003 - IDENTIFICADOR DE NÚMERO DE CONTROL
campo de control ES-MaACL
005 - FECHA Y HORA DE LA ÚLTIMA TRANSACCIÓN
campo de control 20230927153614.0
008 - DATOS DE LONGITUD FIJA--INFORMACIÓN GENERAL
campo de control de longitud fija 120223s2010 sp |||| | spa d
020 ## - NÚMERO INTERNACIONAL ESTÁNDAR DEL LIBRO
Número Internacional Estándar del Libro 978-84-92616-85-5
080 ## - NÚMERO DE LA CLASIFICACIÓN DECIMAL UNIVERSAL
Número de la Clasificación Decimal Universal 329.18(460)
080 ## - NÚMERO DE LA CLASIFICACIÓN DECIMAL UNIVERSAL
Número de la Clasificación Decimal Universal 94(460)"1934"
080 ## - NÚMERO DE LA CLASIFICACIÓN DECIMAL UNIVERSAL
Número de la Clasificación Decimal Universal 94(460)"1931/39"
245 00 - MENCIÓN DEL TÍTULO
Título De un octubre a otro
Resto del título : revolución y fascismo en el periodo de entreguerras, 1917-1934 /
Mención de responsabilidad, etc. Alejandro Andreassi, José Luis Martín Ramos (coordinadores) ; Aldo Agosti, Ramón Alquézar, Alejandro Andreassi ... [et al.].
260 ## - PUBLICACIÓN, DISTRIBUCIÓN, ETC.
Lugar de publicación, distribución, etc. [Barcelona] :
Nombre del editor, distribuidor, etc. El Viejo Topo,
Fecha de publicación, distribución, etc. [2010]
300 ## - DESCRIPCIÓN FÍSICA
Extensión 356 p. ;
Dimensiones 22 cm.
504 ## - NOTA DE BIBLIOGRAFÍA, ETC.
Nota de bibliografía, etc. Referencias bibliográficas.
650 04 - PUNTO DE ACCESO ADICIONAL DE MATERIA--TÉRMINO DE MATERIA
Término de materia o nombre geográfico como elemento de entrada Fascismo-
Subdivisión geográfica Europa.
9 (RLIN) 12730
650 04 - PUNTO DE ACCESO ADICIONAL DE MATERIA--TÉRMINO DE MATERIA
Término de materia o nombre geográfico como elemento de entrada Comunismo-
Subdivisión geográfica Europa.
9 (RLIN) 11219
651 ## - PUNTO DE ACCESO ADICIONAL DE MATERIA--NOMBRE GEOGRÁFICO
Nombre geográfico España-
Subdivisión general Historia-
Subdivisión cronológica 1934, Revolución de octubre.
9 (RLIN) 149447
651 #4 - PUNTO DE ACCESO ADICIONAL DE MATERIA--NOMBRE GEOGRÁFICO
Nombre geográfico España-
Subdivisión general Historia-
Subdivisión cronológica 1931-1939, II República.
9 (RLIN) 8283
700 1# - ENTRADA AGREGADA--NOMBRE PERSONAL
Nombre de persona Andreassi Cieri, Alejandro.
9 (RLIN) 149439
700 1# - ENTRADA AGREGADA--NOMBRE PERSONAL
Nombre de persona Martín Ramos, José Luis.
9 (RLIN) 77621
700 1# - ENTRADA AGREGADA--NOMBRE PERSONAL
Nombre de persona Agosti, Aldo.
9 (RLIN) 149440
700 1# - ENTRADA AGREGADA--NOMBRE PERSONAL
Nombre de persona Alquézar, Ramón.
9 (RLIN) 149441
852 ## - LOCALIZACIÓN
Ubicación ES-MaACL
Número de control de estantería A-11991
itemnumber 186816
Sublocalización o colección R.146738
Ubicación en estantería Depósito 1
Signatura antigua Olim: N-4996
942 ## - ELEMENTOS DE ENTRADA SECUNDARIOS (KOHA)
Fuente del sistema de clasificación o colocación Clasificación decimal universal
Tipo de ítem Koha Libro impreso
Holdings
Estatus retirado Estado de pérdida Fuente del sistema de clasificación o colocación Estado de daño No para préstamo Biblioteca de origen Biblioteca actual Ubicación en estantería Fecha de adquisición Fuente de adquisición Total de préstamos Signatura topográfica completa Código de barras Visto por última vez Precio de reemplazo Tipo de ítem Koha
    Clasificación decimal universal     Biblioteca del Ateneo de Madrid Biblioteca del Ateneo de Madrid Depósito 1 23/02/2012 Compra   A-11991 1189006 23/02/2023 23/02/2023 Libro impreso